L'impero romano-cristiano al tempo di Ambrogio

Salvato in:
Dettagli Bibliografici
Autore principale: Sordi, Marta (Autore)
Natura: Libro
Lingua:italiano
Pubblicazione: Milán Medusa 2000
Edizione:1a. ed
Serie:Collana La Zattera, 2
Soggetti:
Tags: Aggiungi Tag
Nessun Tag, puoi essere il primo ad aggiungerne!!

MARC

LEADER 00000cam a2200000 a 4500
001 UCD8886
003 CL-VaPUC
008 170527e20000000it |||||||||||||||||ita|d
020 |a 8888130039 
082 0 4 |a 937.06  |b SOR  |2 21 
100 0 |a Sordi, Marta  |e author  |9 592458 
245 1 0 |a L'impero romano-cristiano al tempo di Ambrogio 
250 |a 1a. ed 
300 |a 94 p 
942 |c BK 
945 |d 20170527 00:32:00  |a arojas 
260 |a Milán  |b Medusa  |c 2000 
600 0 7 |a AMBROSIO, OBISPO DE MILAN  |2 CL-VaPUC  |9 592459 
650 0 |a Imperio Romano  |9 322785 
650 0 |a Historia de Roma   |9 315349 
650 0 |a Cristianismo  |9 257361 
583 |a last modification  |c 20170629 12:18:40  |k Rodrigo Vera 
490 0 |a Collana La Zattera, 2 
999 |c 368193  |d 368191 
952 |0 0  |1 0  |2 ddc  |3 erb  |4 0  |6 937_060000000000000_SOR_2000  |7 0  |8 A  |9 483464  |a FDOLAF  |b BIBHIS  |c GEN  |e Laffi, Umberto, 1939-  |i 5392233  |l 1  |m 1  |o 937.06 SOR 2000  |p 5392233  |r 2024-01-30  |s 2022-04-04  |w 2019-11-24  |y BK  |z Catalogado en:20170527  |k LAF